[Event "FIDE World Cup 2019"]
[Site "Khanty-Mansiysk RUS"]
[Date "2019.09.24"]
[Round "10"]
[White "Vachier-Lagrave, Maxime"]
[Black "Aronian, Levon"]
[Result "1/2-1/2"]
[WhiteElo "2774"]
[BlackElo "2758"]
[PlyCount "61"]
[EventDate "2019.09.10"]

1. e4 e5 2. Nf3 Nc6 3. Bc4 Nf6 4. d3 Bc5 5. c3 O-O 6. O-O d5 7. exd5 Nxd5 8.
Re1 Bg4 9. Nbd2 Nb6 10. h3 Bh5 11. Bb3 Qxd3 12. Nxe5 Qf5 13. Nef3 Rad8 14. Qe2
Nd5 15. Ne4 Bxf3 16. Qxf3 Qxf3 17. gxf3 Bb6 18. Kf1 Nde7 19. Bg5 h6 20. Bxe7
Nxe7 21. Nf6+ gxf6 22. Rxe7 Rd2 23. Re2 Rfd8 24. Rae1 Kf8 25. Rxd2 Rxd2 26. Re2
Rxe2 27. Kxe2 Ke7 28. f4 f5 29. Kf3 Kf6 30. Bd5 c6 31. Bb3 1/2-1/2

[Event "FIDE World Cup 2019"]
[Site "Khanty-Mansiysk RUS"]
[Date "2019.09.24"]
[Round "10"]
[White "Yu, Yangyi"]
[Black "Vitiugov, Nikita"]
[Result "1/2-1/2"]
[WhiteElo "2763"]
[BlackElo "2732"]
[PlyCount "79"]
[EventDate "2019.09.10"]

1. d4 Nf6 2. c4 e6 3. Nc3 Bb4 4. Qc2 O-O 5. Nf3 d5 6. a3 Bxc3+ 7. Qxc3 dxc4 8.
Qxc4 b6 9. Bg5 Bb7 10. Rd1 Nbd7 11. Ne5 h6 12. Bh4 c5 13. Nxd7 Qxd7 14. Bxf6
gxf6 15. dxc5 Qc7 16. h4 Rfd8 17. Rxd8+ Rxd8 18. Rh3 Bd5 19. Qc1 Kh7 20. Rc3
bxc5 21. Rxc5 Qh2 22. Qe3 Qxh4 23. Rc7 Kg6 24. Rxa7 Rc8 25. g3 Qc4 26. f3 Qc2
27. Qd3+ Qxd3 28. exd3 Rc1+ 29. Kf2 Rc2+ 30. Be2 Rxb2 31. a4 f5 32. f4 Ra2 33.
a5 Ra1 34. a6 Ra2 35. Ke3 Bc6 36. d4 Ra3+ 37. Kf2 Ra2 38. Ke3 Ra3+ 39. Kf2 Ra2
40. Ke3 1/2-1/2

[Event "World Cup Knockout ((tie-break)) 2019"]
[Site "Khanty-Mansiysk RUS"]
[Date "2019.09.25"]
[Round "5"]
[White "Aronian, Levon"]
[Black "Vachier-Lagrave, Maxime"]
[Result "1/2-1/2"]
[WhiteElo "2758"]
[BlackElo "2774"]
[PlyCount "61"]
[EventDate "2019.09.10"]

1. Nf3 c5 2. c4 Nf6 3. g3 d5 4. Bg2 Nc6 5. cxd5 Nxd5 6. Nc3 g6 7. d3 Bg7 8. Bd2
O-O 9. h4 Nf6 10. Qc1 Bg4 11. Nh2 Bd7 12. Bh6 Bxh6 13. Qxh6 Nd4 14. Qd2 Qc7 15.
e3 Bc6 16. Ne4 Bxe4 17. dxe4 Nc6 18. Qc3 Qe5 19. Rc1 Rfd8 20. Qxe5 Nxe5 21. Ke2
Rac8 22. Rhd1 Rxd1 23. Rxd1 c4 24. f4 Nd3 25. e5 Nh5 26. Nf1 Nxb2 27. Rb1 c3
28. Bxb7 Rc5 29. Rc1 Ng7 30. Be4 Ne6 31. Nh2 1/2-1/2

[Event "World Cup Knockout ((tie-break)) 2019"]
[Site "Khanty-Mansiysk RUS"]
[Date "2019.09.25"]
[Round "5"]
[White "Yu, Yangyi"]
[Black "Vitiugov, Nikita"]
[Result "1/2-1/2"]
[WhiteElo "2763"]
[BlackElo "2732"]
[PlyCount "94"]
[EventDate "2019.09.10"]

1. d4 Nf6 2. c4 e6 3. Nc3 Bb4 4. Qc2 O-O 5. Nf3 d5 6. a3 Bxc3+ 7. Qxc3 dxc4 8.
Qxc4 b6 9. Bg5 Bb7 10. Rc1 h6 11. Bh4 c5 12. dxc5 Nbd7 13. c6 Rc8 14. Qa4 Nb8
15. Ne5 Nxc6 16. Ng4 b5 17. Nxf6+ Qxf6 18. Bxf6 bxa4 19. Bc3 Ne7 20. f3 Nd5 21.
e4 Nxc3 22. Rxc3 Rxc3 23. bxc3 Rd8 24. Bb5 a6 25. Be2 Kf8 26. Kf2 Rd2 27. Rb1
Bc6 28. Ke3 Rc2 29. Rb6 Be8 30. c4 e5 31. Rxa6 Rc3+ 32. Kd2 Rxa3 33. Bd1 Ra2+
34. Bc2 Ra1 35. c5 Ke7 36. c6 a3 37. c7 Bd7 38. Ra8 a2 39. Ba4 Rg1 40. Bxd7
a1=Q 41. Rxa1 Rxg2+ 42. Ke3 Kxd7 43. Ra8 Kxc7 44. Ra7+ Kd6 45. Rxf7 Ke6 46. Ra7
Kf6 47. Ra6+ Kf7 1/2-1/2

[Event "World Cup Knockout ((tie-break)) 2019"]
[Site "Khanty-Mansiysk RUS"]
[Date "2019.09.25"]
[Round "5"]
[White "Vachier-Lagrave, Maxime"]
[Black "Aronian, Levon"]
[Result "1-0"]
[WhiteElo "2774"]
[BlackElo "2758"]
[PlyCount "105"]
[EventDate "2019.09.10"]

1. e4 e5 2. Nf3 Nc6 3. Bc4 Nf6 4. d3 Bc5 5. c3 a6 6. O-O d6 7. a4 O-O 8. Re1
Ba7 9. h3 h6 10. Nbd2 Re8 11. b4 Be6 12. Bxe6 Rxe6 13. Nf1 Qd7 14. Be3 Bxe3 15.
Nxe3 d5 16. b5 Ne7 17. c4 d4 18. Nf5 Re8 19. N3h4 Ng6 20. g3 Nxh4 21. Nxh4 Qe7
22. Qc1 Nd7 23. Qa3 Nc5 24. f4 exf4 25. Nf5 Qf8 26. gxf4 Rf6 27. Rf1 Rxf5 28.
exf5 Re3 29. Rae1 Qe7 30. Rxe3 Qxe3+ 31. Kh2 Qe2+ 32. Kg1 Nxd3 33. bxa6 bxa6
34. Qb3 Qe3+ 35. Kh2 Qd2+ 36. Kg1 Qe3+ 37. Kh2 h5 38. Qd1 h4 39. Rf3 Nb2 40.
Rxe3 Nxd1 41. Rd3 Nb2 42. Rxd4 c5 43. Rd5 Nxa4 44. Kg2 Kf8 45. Kf3 Ke7 46. Kg4
Nb6 47. Rxc5 Kd6 48. Ra5 Nxc4 49. Rxa6+ Ke7 50. Kxh4 Nd6 51. Rxd6 Kxd6 52. Kg5
Ke7 53. f6+ 1-0

[Event "World Cup Knockout ((tie-break)) 2019"]
[Site "Khanty-Mansiysk RUS"]
[Date "2019.09.25"]
[Round "5"]
[White "Vitiugov, Nikita"]
[Black "Yu, Yangyi"]
[Result "1/2-1/2"]
[WhiteElo "2732"]
[BlackElo "2763"]
[PlyCount "116"]
[EventDate "2019.09.10"]

1. e4 c5 2. Nf3 d6 3. d4 cxd4 4. Nxd4 Nf6 5. Nc3 Bd7 6. Bg5 e6 7. Ndb5 Bxb5 8.
Bxb5+ Nc6 9. Qf3 Be7 10. e5 Nd5 11. Bxc6+ bxc6 12. Bxe7 Qxe7 13. Qg3 dxe5 14.
Qxg7 Qf6 15. Qxf6 Nxf6 16. O-O-O Rg8 17. g3 Rd8 18. Rhe1 Rg5 19. Rxd8+ Kxd8 20.
Kd2 Ke7 21. f3 Nd5 22. Re4 Rh5 23. h4 Nb6 24. Ke2 a5 25. Kf2 f6 26. Rg4 Kf7 27.
Ne4 f5 28. Rg5 Rh6 29. Nd6+ Kf8 30. c4 Rf6 31. h5 Na4 32. b3 Nc5 33. Ke2 Ke7
34. Nc8+ Kd7 35. Nb6+ Kc7 36. Na4 Nxa4 37. bxa4 Kd6 38. Rg7 Rh6 39. g4 e4 40.
Ke3 Ke5 41. f4+ Kd6 42. Rg5 Rf6 43. Rg7 Rh6 44. Kd4 c5+ 45. Ke3 fxg4 46. Rg5 g3
47. Kxe4 g2 48. Rxg2 Rxh5 49. Rb2 Kc6 50. Rb5 Rh1 51. Rxa5 Re1+ 52. Kd3 Rd1+
53. Ke3 Rd4 54. Ra6+ Kd7 55. Ra7+ Kd6 56. Ra6+ Kd7 57. Ra7+ Kd6 58. Ra6+ Kd7
1/2-1/2

[Event "World Cup Knockout ((tie-break)) 2019"]
[Site "Khanty-Mansiysk RUS"]
[Date "2019.09.25"]
[Round "5"]
[White "Yu, Yangyi"]
[Black "Vitiugov, Nikita"]
[Result "1-0"]
[WhiteElo "2763"]
[BlackElo "2732"]
[PlyCount "121"]
[EventDate "2019.09.10"]

1. e4 e5 2. Nf3 Nc6 3. Bb5 a6 4. Ba4 Nf6 5. O-O Be7 6. Re1 b5 7. Bb3 d6 8. a4
Bd7 9. c3 O-O 10. d4 h6 11. Nbd2 exd4 12. cxd4 Nb4 13. e5 Nfd5 14. Ne4 bxa4 15.
Bxa4 Bxa4 16. Rxa4 Qd7 17. Ra5 Rab8 18. Bd2 Rb5 19. Bxb4 Nxb4 20. Rxb5 Qxb5 21.
Nc3 Qc4 22. Qa4 dxe5 23. dxe5 Qc6 24. Qxc6 Nxc6 25. Nd5 Rd8 26. Nxc7 a5 27. g3
Rd7 28. Nb5 Rb7 29. Nd6 Rxb2 30. Rc1 Rb3 31. Rxc6 Rxf3 32. Rc8+ Kh7 33. Kg2 Rd3
34. Nxf7 Kg6 35. Nd6 Bxd6 36. Rc6 a4 37. exd6 a3 38. d7+ Kf7 39. Rc3 Rxd7 40.
Rxa3 Rd2 41. Ra5 g6 42. g4 g5 43. Kg3 Kg6 44. Ra6+ Kg7 45. f3 Rd3 46. Ra8 Rb3
47. Ra5 Kg6 48. Ra7 Rc3 49. Ra6+ Kg7 50. Ra8 Rb3 51. Ra5 Kg6 52. Ra6+ Kg7 53.
Re6 Ra3 54. Kf2 Ra2+ 55. Re2 Ra3 56. Re3 Ra2+ 57. Kg3 Rb2 58. h4 Ra2 59. Re7+
Kg8 60. hxg5 hxg5 61. Re5 1-0

[Event "World Cup Knockout ((tie-break)) 2019"]
[Site "Khanty-Mansiysk RUS"]
[Date "2019.09.25"]
[Round "5"]
[White "Vitiugov, Nikita"]
[Black "Yu, Yangyi"]
[Result "1-0"]
[WhiteElo "2732"]
[BlackElo "2763"]
[PlyCount "149"]
[EventDate "2019.09.10"]

1. e4 e5 2. Nf3 Nf6 3. d4 exd4 4. e5 Ne4 5. Qxd4 d5 6. exd6 Nxd6 7. Nc3 Nc6 8.
Qf4 Nf5 9. Nb5 Bb4+ 10. c3 Ba5 11. Be2 O-O 12. O-O a6 13. Na3 Bb6 14. Nc4 Ba7
15. Rd1 Qe7 16. Bd3 Rd8 17. Re1 Qf6 18. Bc2 Be6 19. Ncd2 Qh6 20. Nf1 Qxf4 21.
Bxf4 Bb6 22. Ng5 Bd7 23. g4 h6 24. Nxf7 Kxf7 25. gxf5 Ne7 26. Bb3+ Kf8 27. f6
Ng6 28. fxg7+ Kxg7 29. Bg3 h5 30. h4 Bh3 31. Ne3 Rd3 32. Kh2 Bxe3 33. Rxe3 Rxe3
34. fxe3 Bg4 35. Rf1 Rd8 36. Rf7+ Kh6 37. Kg1 Rd3 38. Bc2 Rd7 39. Rf6 Rg7 40.
Bxc7 Kh7 41. Bd6 Bd7 42. Kf2 Be8 43. Rf8 Rf7+ 44. Rxf7+ Bxf7 45. b3 Kg7 46. Kg3
Kf6 47. Be4 Ke6 48. Bf4 b6 49. Bd3 b5 50. c4 Ne7 51. cxb5 axb5 52. Bxb5 Nf5+
53. Kh3 Ke7 54. e4 Nd4 55. Bd3 Be6+ 56. Kg3 Kd7 57. Be3 Nc6 58. Kf4 Nb4 59. Bb1
Kc6 60. Bd2 Na6 61. Ke5 Bg4 62. Bd3 Nc5 63. Bc4 Nd7+ 64. Kd4 Nf8 65. Bd5+ Kd7
66. a4 Ne6+ 67. Ke5 Nc5 68. a5 Kc7 69. b4 Nd7+ 70. Kd4 Be2 71. Bf4+ Kd8 72. Bc6
Nf8 73. Bd6 Ng6 74. b5 Nxh4 75. a6 1-0

[Event "World Cup Knockout ((tie-break)) 2019"]
[Site "Khanty-Mansiysk RUS"]
[Date "2019.09.25"]
[Round "5"]
[White "Yu, Yangyi"]
[Black "Vitiugov, Nikita"]
[Result "1/2-1/2"]
[WhiteElo "2763"]
[BlackElo "2732"]
[PlyCount "179"]
[EventDate "2019.09.10"]

1. e4 e6 2. d4 d5 3. Nc3 Nf6 4. exd5 exd5 5. Bg5 Be7 6. Bd3 c6 7. Nge2 Nbd7 8.
O-O O-O 9. h3 Re8 10. Re1 Nf8 11. Qd2 Ng6 12. Nf4 Bd7 13. Re2 Bd6 14. Rae1 Rxe2
15. Rxe2 Qc7 16. Nxg6 hxg6 17. Re1 Re8 18. Rxe8+ Bxe8 19. Ne2 Nh5 20. Qe3 Bd7
21. Be7 Nf4 22. Bxd6 Nxe2+ 23. Bxe2 Qxd6 24. c3 Be6 25. h4 Kf8 26. g3 b6 27. a3
Bf5 28. Bf3 Be6 29. Kg2 Bf5 30. Qe2 Bc8 31. Qe3 Be6 32. Qg5 Bf5 33. Qe3 Be6 34.
Qc1 Qc7 35. b3 Qd6 36. b4 Ke7 37. Qg5+ Kf8 38. Qd2 Bf5 39. Qe2 Bc8 40. Qe3 Be6
41. Qd2 Bf5 42. Qe2 Bc8 43. Qe3 Bf5 44. Qe1 Be6 45. a4 a5 46. bxa5 bxa5 47. Qb1
Qc7 48. Qc1 Qd6 49. Qb2 Qc7 50. Qa3+ Qe7 51. Qb2 Qc7 52. Qe2 Bf5 53. Qa6 Bc2
54. c4 Bxa4 55. cxd5 cxd5 56. Bxd5 Be8 57. Bf3 a4 58. d5 Ke7 59. Bd1 Qd6 60.
Qa5 a3 61. Bb3 Bd7 62. Qa7 Qb4 63. Qe3+ Kd8 64. Qf3 Bf5 65. Kh2 Qd2 66. d6 Qxd6
67. Bxf7 Ke7 68. Ba2 Qd3 69. Qb7+ Kd6 70. Qb4+ Kc7 71. Qc5+ Kd7 72. Bc4 Qd6 73.
Qa7+ Kd8 74. Qxg7 Qc5 75. Qg8+ Kc7 76. Kg1 Be4 77. Qf7+ Kb6 78. Qf6+ Bc6 79.
Qc3 Bb5 80. Qf6+ Bc6 81. Qc3 Bb5 82. Qf6+ Ka5 83. Bf7 Bc6 84. Kh2 Kb4 85. Qf4+
Ka5 86. Qc7+ Kb4 87. Qf4+ Ka5 88. Qc7+ Kb4 89. Qf4+ Ka5 90. Qc7+ 1/2-1/2

[Event "World Cup Knockout ((tie-break)) 2019"]
[Site "Khanty-Mansiysk RUS"]
[Date "2019.09.25"]
[Round "5"]
[White "Vitiugov, Nikita"]
[Black "Yu, Yangyi"]
[Result "1/2-1/2"]
[WhiteElo "2732"]
[BlackElo "2763"]
[PlyCount "78"]
[EventDate "2019.09.10"]

1. e4 c5 2. Nf3 e6 3. c3 Nf6 4. e5 Nd5 5. d4 cxd4 6. cxd4 d6 7. Bc4 Be7 8. O-O
O-O 9. Qe2 Nc6 10. Rd1 Bd7 11. a3 Rc8 12. Bxd5 exd5 13. Nc3 Be6 14. Bf4 Re8 15.
h3 a6 16. Rac1 h6 17. b4 Bf8 18. Qd2 Rc7 19. Na4 dxe5 20. dxe5 d4 21. Nxd4 Nxd4
22. Qxd4 Qxd4 23. Rxd4 Rxc1+ 24. Bxc1 Bb3 25. Nc5 Bxc5 26. bxc5 Rxe5 27. Be3
Bd5 28. Kf1 Bc6 29. h4 Kh7 30. Rd6 Re4 31. Rd4 Re5 32. Rd6 f6 33. g3 Kg6 34.
Ke2 Kf5 35. Rd4 h5 36. Kd2 g5 37. hxg5 fxg5 38. Bxg5 Rxc5 39. Be7 Rd5 1/2-1/2

[Event "World Cup Knockout ((tie-break)) 2019"]
[Site "Khanty-Mansiysk RUS"]
[Date "2019.09.25"]
[Round "5"]
[White "Yu, Yangyi"]
[Black "Vitiugov, Nikita"]
[Result "1-0"]
[WhiteElo "2763"]
[BlackElo "2732"]
[PlyCount "79"]
[EventDate "2019.09.10"]

1. e4 e6 2. f4 d5 3. e5 c5 4. Nf3 Nc6 5. c3 Nh6 6. Na3 Nf5 7. Nc2 d4 8. Bd3 Nh4
9. Be4 Nxg2+ 10. Kf2 Nxf4 11. d3 Ng6 12. cxd4 cxd4 13. Bg5 Be7 14. Bxe7 Qxe7
15. Ncxd4 Ncxe5 16. Nxe5 Nxe5 17. Qh5 Nd7 18. Rhg1 Nf6 19. Qe5 Nxe4+ 20. dxe4
f6 21. Qh5+ Qf7 22. Qc5 Qe7 23. Qxe7+ Kxe7 24. Rxg7+ Kf8 25. Rag1 e5 26. Nb5 a6
27. Nc7 Rb8 28. Nd5 f5 29. Nf6 fxe4 30. Rc7 Bf5 31. Rgg7 Bg6 32. Rgd7 b5 33. h4
h5 34. Rg7 Rc8 35. Rg8+ Rxg8 36. Rxc8+ Kf7 37. Nxg8 Ke6 38. Ke3 Kd7 39. Ra8 Bf5
40. Rxa6 1-0

[Event "FIDE World Cup 2019"]
[Site "Khanty-Mansiysk RUS"]
[Date "2019.09.26"]
[Round "11"]
[White "Ding, Liren"]
[Black "Yu, Yangyi"]
[Result "1/2-1/2"]
[WhiteElo "2811"]
[BlackElo "2763"]
[PlyCount "53"]
[EventDate "2019.09.10"]

1. c4 e5 2. g3 c6 3. Nf3 e4 4. Nd4 d5 5. d3 Bc5 6. Nb3 Bb4+ 7. Bd2 Bxd2+ 8.
Qxd2 dxc4 9. dxc4 f5 10. Nc3 Qxd2+ 11. Kxd2 Nf6 12. f3 Nbd7 13. fxe4 Ne5 14. c5
fxe4 15. Bg2 Bf5 16. Raf1 Nc4+ 17. Kc1 Ne3 18. Rf4 O-O 19. Nd4 Nxg2 20. Rxf5
Ne3 21. Re5 Rae8 22. Rxe8 Rxe8 23. Nc2 Nf5 24. Na3 Ne3 25. Nc2 Nf5 26. Na3 Ne3
27. Nc2 1/2-1/2

[Event "FIDE World Cup 2019"]
[Site "Khanty-Mansiysk RUS"]
[Date "2019.09.26"]
[Round "11"]
[White "Vachier-Lagrave, Maxime"]
[Black "Radjabov, Teimour"]
[Result "1/2-1/2"]
[WhiteElo "2774"]
[BlackElo "2758"]
[PlyCount "61"]
[EventDate "2019.09.10"]

1. e4 c5 2. Nf3 Nc6 3. Bb5 g6 4. Bxc6 bxc6 5. d4 cxd4 6. Qxd4 f6 7. Qa4 Bg7 8.
O-O Nh6 9. c4 Qb6 10. Nc3 O-O 11. Re1 Nf7 12. Be3 Qb7 13. Qb3 Qxb3 14. axb3 Rb8
15. Rxa7 Rxb3 16. Na4 Rb7 17. Rxb7 Bxb7 18. Nb6 d6 19. c5 e5 20. b4 Ba6 21. Ra1
Bb5 22. Nd2 Rd8 23. Ra8 Rxa8 24. Nxa8 Bf8 25. Nc7 dxc5 26. Nxb5 cxb5 27. bxc5
Nd8 28. Nb3 Nc6 29. Kf1 Kf7 30. Ke2 Ke6 31. g4 1/2-1/2

[Event "FIDE World Cup 2019"]
[Site "Khanty-Mansiysk RUS"]
[Date "2019.09.27"]
[Round "12"]
[White "Yu, Yangyi"]
[Black "Ding, Liren"]
[Result "1/2-1/2"]
[WhiteElo "2763"]
[BlackElo "2811"]
[PlyCount "60"]
[EventDate "2019.09.10"]

1. d4 Nf6 2. c4 e6 3. Nc3 Bb4 4. Qc2 d5 5. a3 Bxc3+ 6. Qxc3 O-O 7. Nf3 dxc4 8.
Qxc4 b6 9. Bg5 Bb7 10. Rd1 Nbd7 11. Ne5 h6 12. Bh4 c5 13. Nxd7 Qxd7 14. Bxf6
gxf6 15. dxc5 Qc7 16. h4 Rfd8 17. Rxd8+ Rxd8 18. Rh3 Rd5 19. Rg3+ Kf8 20. Rc3
Rxc5 21. Qb4 Kg7 22. Rxc5 bxc5 23. Qc3 Qh2 24. Qxc5 Bxg2 25. Bxg2 Qxg2 26. Qxa7
Qh1+ 27. Kd2 Qd5+ 28. Kc3 Qc6+ 29. Kd2 Qd5+ 30. Kc3 Qc6+ 1/2-1/2

[Event "World Cup Knockout ((tie-break)) 2019"]
[Site "Khanty-Mansiysk RUS"]
[Date "2019.09.28"]
[Round "6"]
[White "Yu, Yangyi"]
[Black "Ding, Liren"]
[Result "1/2-1/2"]
[WhiteElo "2763"]
[BlackElo "2811"]
[PlyCount "61"]
[EventDate "2019.09.10"]

1. d4 Nf6 2. c4 e6 3. Nc3 Bb4 4. Nf3 O-O 5. Bg5 c5 6. Qb3 h6 7. Bh4 Nc6 8. d5
Na5 9. Qc2 Nxc4 10. O-O-O Bxc3 11. Qxc3 b5 12. Bxf6 Qxf6 13. Qxf6 gxf6 14. e4
Bb7 15. Bxc4 bxc4 16. dxe6 dxe6 17. Rhe1 Rfd8 18. Re3 Rd3 19. Rdxd3 cxd3 20. b3
a5 21. Nd2 Ba6 22. Kb2 a4 23. Rh3 Kh7 24. Rf3 axb3 25. axb3 Rg8 26. Rxf6 Rxg2
27. Rxf7+ Kg6 28. Ra7 Bb5 29. Ra5 Be8 30. Rxc5 Rxf2 31. Kc3 1/2-1/2

[Event "FIDE World Cup 2019"]
[Site "Khanty-Mansiysk RUS"]
[Date "2019.09.30"]
[Round "13"]
[White "Radjabov, Teimour"]
[Black "Ding, Liren"]
[Result "1/2-1/2"]
[WhiteElo "2758"]
[BlackElo "2811"]
[PlyCount "65"]
[EventDate "2019.09.10"]

1. e4 e5 2. Nf3 Nc6 3. Bb5 a6 4. Ba4 Nf6 5. O-O Be7 6. Re1 b5 7. Bb3 O-O 8. c3
d5 9. exd5 Nxd5 10. Nxe5 Nxe5 11. Rxe5 c6 12. d3 Bd6 13. Re1 Bf5 14. Qf3 Qh4
15. g3 Qh3 16. Nd2 Rae8 17. Ne4 Bg4 18. Qg2 Qxg2+ 19. Kxg2 f5 20. h3 Bh5 21.
Bf4 Bxf4 22. gxf4 fxe4 23. dxe4 Bf3+ 24. Kxf3 Rxf4+ 25. Kg3 Rfxe4 26. Rxe4 Rxe4
27. a4 Re2 28. axb5 axb5 29. Bxd5+ cxd5 30. Rd1 Rxb2 31. Rxd5 Rb3 32. f3 Rxc3
33. Rxb5 1/2-1/2

[Event "FIDE World Cup 2019"]
[Site "Khanty-Mansiysk RUS"]
[Date "2019.10.30"]
[Round "13"]
[White "Yu, Yangyi"]
[Black "Vachier-Lagrave, Maxime"]
[Result "1/2-1/2"]
[WhiteElo "2763"]
[BlackElo "2774"]
[PlyCount "71"]
[EventDate "2019.09.10"]

1. d4 Nf6 2. c4 g6 3. Nc3 d5 4. Nf3 Bg7 5. Qb3 dxc4 6. Qxc4 O-O 7. e4 Nc6 8.
Be2 e5 9. d5 Nd4 10. Nxd4 exd4 11. Qxd4 c6 12. Qc4 b5 13. Qxc6 Bd7 14. Qd6 Re8
15. e5 Ng4 16. e6 fxe6 17. h3 Ne5 18. dxe6 Bxe6 19. Qxd8 Raxd8 20. Bxb5 Bc4 21.
Bxe8 Nd3+ 22. Kf1 Bxc3 23. bxc3 Nxc1+ 24. Kg1 Ne2+ 25. Kh2 Rxe8 26. Rhe1 Bf7
27. c4 Bxc4 28. Rac1 Bb5 29. Rc7 a6 30. Ra7 Re4 31. Rd1 Rd4 32. Rxd4 Nxd4 33.
a4 Bxa4 34. Rxa6 Bb3 35. Ra7 Bf7 36. Kg3 1/2-1/2

[Event "FIDE World Cup 2019"]
[Site "Khanty-Mansiysk RUS"]
[Date "2019.10.01"]
[Round "14"]
[White "Vachier-Lagrave, Maxime"]
[Black "Yu, Yangyi"]
[Result "1/2-1/2"]
[WhiteElo "2774"]
[BlackElo "2763"]
[PlyCount "60"]
[EventDate "2019.09.10"]

1. e4 e5 2. Nf3 Nf6 3. Nxe5 d6 4. Nf3 Nxe4 5. Nc3 Nxc3 6. dxc3 Be7 7. Be3 O-O
8. Qd2 Nd7 9. O-O-O Nf6 10. Bd3 Re8 11. Rhe1 Bg4 12. Qe2 a6 13. h3 Bd7 14. g4
Bf8 15. Qf1 g6 16. Bg5 Bg7 17. Nd2 Rxe1 18. Rxe1 Qf8 19. f4 Re8 20. Bh4 Rxe1+
21. Qxe1 Qe8 22. Qxe8+ Bxe8 23. Ne4 Nxe4 24. Bxe4 c6 25. Kd2 Bd7 26. Bd3 f5 27.
g5 b5 28. Bf2 c5 29. b3 Kf7 30. h4 h5 1/2-1/2

[Event "FIDE World Cup 2019"]
[Site "Khanty-Mansiysk"]
[Date "2019.10.02"]
[Round "15"]
[White "Radjabov, Teimour"]
[Black "Ding, Liren"]
[Result "1-0"]
[WhiteElo "2758"]
[BlackElo "2811"]
[PlyCount "91"]
[EventDate "2019.09.10"]

1. e4 e5 2. Nf3 Nc6 3. Bb5 a6 4. Ba4 Nf6 5. O-O Be7 6. Re1 b5 7. Bb3 O-O 8. c3
d5 9. exd5 Nxd5 10. Nxe5 Nxe5 11. Rxe5 c6 12. d3 Bd6 13. Re1 Bf5 14. Qf3 Qh4
15. g3 Qh3 16. Be3 Bxd3 17. Nd2 Qf5 18. Bd4 Rfd8 19. a4 h6 20. h4 Rac8 21. Qxf5
Bxf5 22. Ne4 Bf8 23. Nc5 Nb4 24. Re5 g6 25. axb5 cxb5 26. Ne6 Bxe6 27. Rxe6
fxe6 28. Bxe6+ Kh7 29. Bxc8 Rxc8 30. cxb4 Rc4 31. Bf6 Bg7 32. Be7 Rc6 33. Ra2
Kg8 34. Bc5 Kf7 35. Kg2 Ke6 36. b3 h5 37. Kf3 Kf5 38. Rd2 Be5 39. Rd5 Ke6 40.
Ke4 Bf6 41. f4 Bc3 42. f5+ Kf7 43. Rd7+ Kg8 44. Bd6 gxf5+ 45. Kxf5 Bg7 46. Kg5
1-0

[Event "FIDE World Cup 2019"]
[Site "Khanty-Mansiysk"]
[Date "2019.10.03"]
[Round "16"]
[White "Ding, Liren"]
[Black "Radjabov, Teimour"]
[Result "1/2-1/2"]
[WhiteElo "2811"]
[BlackElo "2758"]
[PlyCount "61"]
[EventDate "2019.09.10"]

1. c4 Nf6 2. Nc3 e5 3. Nf3 Nc6 4. g3 d5 5. cxd5 Nxd5 6. Bg2 Bc5 7. Nxe5 Nxc3 8.
Bxc6+ bxc6 9. bxc3 Qd5 10. Nf3 Bh3 11. Qb3 Bg2 12. Qxd5 cxd5 13. Rg1 Bxf3 14.
exf3 d4 15. Rb1 O-O-O 16. Rb5 Rhe8+ 17. Kd1 Bb6 18. cxd4 Bxd4 19. Rf1 Re6 20.
Bb2 Ra6 21. Bxd4 Rxd4 22. Rb2 Rda4 23. Re1 Kd7 24. Rb8 Rxa2 25. Ree8 Ra1+ 26.
Ke2 Re6+ 27. Rxe6 Kxe6 28. Re8+ Kf6 29. Rc8 Rc1 30. Ra8 Ra1 31. Rc8 1/2-1/2

[Event "FIDE World Cup 2019"]
[Site "Khanty-Mansiysk"]
[Date "2019.10.03"]
[Round "16"]
[White "Vachier-Lagrave, Maxime"]
[Black "Yu, Yangyi"]
[Result "1/2-1/2"]
[WhiteElo "2774"]
[BlackElo "2763"]
[PlyCount "60"]
[EventDate "2019.09.10"]

1. e4 e5 2. Nf3 Nf6 3. Nxe5 d6 4. Nf3 Nxe4 5. Nc3 Nxc3 6. dxc3 Be7 7. Be3 Nc6
8. Qd2 Bf5 9. O-O-O Qd7 10. Bc4 Bf6 11. Nd4 Nxd4 12. Bxd4 Bxd4 13. Qxd4 O-O 14.
Rhe1 b6 15. Bd5 Rae8 16. Qc4 Be6 17. Bxe6 Rxe6 18. Rxe6 fxe6 19. Rd2 a5 20. a4
Rf6 21. b3 d5 22. Qe2 Rf5 23. Kb2 Qd6 24. h4 h6 25. Rd3 Re5 26. Qg4 Qe7 27. g3
Qf6 28. Rf3 Rf5 29. Rxf5 Qxf5 30. Qe2 Kf7 1/2-1/2

[Event "World Cup Knockout ((tie-break)) 2019"]
[Site "Khanty-Mansiysk RUS"]
[Date "2019.10.04"]
[Round "7"]
[White "Radjabov, Teimour"]
[Black "Ding, Liren"]
[Result "1/2-1/2"]
[WhiteElo "2758"]
[BlackElo "2811"]
[PlyCount "128"]
[EventDate "2019.09.10"]

1. Nf3 d5 2. d4 Nf6 3. c4 e6 4. Nc3 c5 5. cxd5 Nxd5 6. e3 cxd4 7. exd4 Nxc3 8.
bxc3 Qc7 9. Bd2 Nd7 10. Bd3 b6 11. Ng5 Nf6 12. Qf3 Rb8 13. O-O Bd6 14. Qh3 h6
15. Nf3 Bb7 16. Rfe1 Bxf3 17. Qxf3 Bxh2+ 18. Kf1 Bd6 19. c4 h5 20. Qh3 Kf8 21.
Rab1 Rd8 22. Bc3 Rh6 23. a4 h4 24. Kg1 Nh5 25. Bf1 Nf4 26. Qf3 Rf6 27. Qe4 Ng6
28. Rb2 h3 29. gxh3 Rf4 30. Qh1 Nh4 31. Re3 Rf5 32. Rb5 e5 33. c5 Be7 34. Qe4
Rf4 35. cxb6 axb6 36. Qh7 Ng6 37. Rbxe5 Rh4 38. Rh5 Rxh5 39. Qxh5 Bf6 40. Qb5
Nh4 41. Bb4+ Kg8 42. Re8+ Rxe8 43. Qxe8+ Kh7 44. Qe4+ g6 45. d5 Nf5 46. d6 Nxd6
47. Qf4 Ne8 48. Qxc7 Nxc7 49. Bc4 Kg7 50. Bd6 Ne8 51. Bb8 Bd8 52. Be5+ Bf6 53.
Bb8 Bd8 54. Bf4 Bc7 55. Be3 Nd6 56. Bd4+ f6 57. Bd3 Nb7 58. Bc2 Nd8 59. Be4 Ne6
60. Be3 f5 61. Bc6 Kf6 62. Kg2 g5 63. Bd7 Nf4+ 64. Bxf4 Bxf4 1/2-1/2

[Event "World Cup Knockout ((tie-break)) 2019"]
[Site "Khanty-Mansiysk RUS"]
[Date "2019.10.04"]
[Round "7"]
[White "Ding, Liren"]
[Black "Radjabov, Teimour"]
[Result "0-1"]
[WhiteElo "2811"]
[BlackElo "2758"]
[PlyCount "152"]
[EventDate "2019.09.10"]

1. Nf3 Nf6 2. g3 d5 3. Bg2 e6 4. O-O Be7 5. d4 O-O 6. c4 dxc4 7. Qc2 a6 8. a4
Bd7 9. Qxc4 Bc6 10. Bf4 Bd6 11. Qc1 Nbd7 12. Re1 Qe7 13. Nc3 Bxf3 14. Bxf3 Bxf4
15. Qxf4 c6 16. a5 Rad8 17. Red1 e5 18. Qe3 Rfe8 19. d5 e4 20. Bg2 cxd5 21.
Nxd5 Nxd5 22. Rxd5 Nf6 23. Rxd8 Rxd8 24. h3 Qb4 25. b3 h5 26. Kh2 Rd5 27. Qf4
Rxa5 28. Rxa5 Qxa5 29. Qb8+ Kh7 30. Qxb7 Qf5 31. Kg1 e3 32. fxe3 Qe6 33. Kf2
Qf5+ 34. Qf3 Qe6 35. e4 g6 36. Kg1 Nd7 37. Qc3 Ne5 38. b4 Qd6 39. Kf2 Nc6 40.
Qc5 Qd4+ 41. Qxd4 Nxd4 42. e5 Nc2 43. Bd5 Kg7 44. e6 fxe6 45. Bxe6 Nxb4 46. Ke3
Kf6 47. Bd7 Ke5 48. Be8 Nd5+ 49. Kd3 Ne7 50. Kc4 a5 51. Kc5 Kf6 52. Kb5 Nf5 53.
Kxa5 Nxg3 54. Bb5 g5 55. Kb4 Ke5 56. Kc3 Kf4 57. Kd2 Ne4+ 58. Ke1 Kg3 59. Bd7
h4 60. e3 Nf2 61. Kf1 Nxh3 62. e4 Nf4 63. e5 h3 64. Bc6 h2 65. Bb7 g4 66. Bc6
Kh3 67. Bb7 g3 68. Bc8+ Kh4 69. Bb7 Kg5 70. Be4 Kg4 71. e6 Nxe6 72. Kg2 Nf4+
73. Kh1 Nh3 74. Bf3+ Kf4 75. Kg2 Nf2 76. Kf1 Kxf3 0-1

[Event "FIDE Grand Swiss Tournament 2019"]
[Site "Douglas ENG"]
[Date "2019.10.10"]
[Round "1"]
[White "Carlsen, Magnus"]
[Black "Kuzubov, Yuriy"]
[Result "1-0"]
[WhiteElo "2876"]
[BlackElo "2636"]
[PlyCount "104"]
[EventDate "2019.10.10"]

1. d4 Nf6 2. c4 e6 3. Nf3 d5 4. Nc3 Nbd7 5. cxd5 exd5 6. Bg5 c6 7. Qc2 h6 8.
Bh4 g5 9. Bg3 Nh5 10. O-O-O Nxg3 11. hxg3 Nb6 12. e4 Be6 13. Bd3 Qf6 14. e5 Qg7
15. Nh2 g4 16. Ne2 O-O-O 17. Nf4 Qg5 18. Kb1 h5 19. Nf1 Rh6 20. Ne3 Kb8 21. Nf5
Bxf5 22. Bxf5 h4 23. Ne2 hxg3 24. Rxh6 Bxh6 25. Nxg3 Nc4 26. Bd3 Nd2+ 27. Ka1
Qf4 28. Nf5 Bg5 29. Nd6 Qxf2 30. Qc3 Rd7 31. Qb4 a5 32. Qxa5 Qxd4 33. Rxd2 Bxd2
34. Qxd2 Qxe5 35. Nf5 c5 36. Bb1 d4 37. Qd3 Qd5 38. Qg3+ Ka7 39. Qxg4 d3 40.
Ne3 Qd4 41. Qf3 d2 42. Nd1 Qc4 43. Qe3 Rd4 44. a3 Qc1 45. Qb3 Rd6 46. Ka2 c4
47. Qf3 Rb6 48. Bf5 Rb5 49. Qe3+ Ka6 50. Bg4 Qc2 51. Qc3 Qb3+ 52. Kb1 Rd5 1-0